Estudios Históricos : número 1, julio-septiembre 1955, segunda época /

Kaydedildi:
Detaylı Bibliyografya
Diğer Yazarlar: Reynoso Reynoso, Salvador (dirección) (dirección), Ramos Meza, José Ernesto (dirección) (dirección)
Materyal Türü: Kitap
Dil:İspanyolca
Baskı/Yayın Bilgisi: Guadalajara, México : editorial no identificada, 1955
Etiketler: Etiketle
Etiket eklenmemiş, İlk siz ekleyin!

MARC

LEADER 00000nam^a2200000^a^4500
001 000615208
005 20250530114422.0
009 20260310133656.456
025 |a Donación Robles Martínez, 2 ejemplares 
037 |a Acervo ITESO - Biblioteca 
041 |a ESP 
091 |a FRM. 00115 
240 1 1 |a [Estudios Históricos] 
245 0 0 |a Estudios Históricos :  |b número 1, julio-septiembre 1955, segunda época / 
264 1 |a Guadalajara, México :  |b editorial no identificada,  |c 1955 
300 |a 20 p. 
336 |a texto  |b txt  |2 rdacontenido 
337 |a sin mediación  |b n  |2 rdamedio 
338 |a volumen  |b nc  |2 rdasoporte 
649 |a XX 
700 |a Reynoso Reynoso, Salvador  |e (dirección) 
700 |a Ramos Meza, José Ernesto  |e (dirección) 
910 |a Fondo Robles Martínez 
920 |a Impresos - Libros 
930 |a Fondos Especiales 
905 |a 123 
901 |a 615543-10  |b IT2  |c ESP  |i D  |u 20250530 
901 |a 615543-20  |b IT2  |c ESP  |i D  |u 20250530 
902 |a https://opac.biblio.iteso.mx/vufind/Record/000615208